[Event "XXII Mitropa Cup"]
[Site "Pola CRO"]
[Date "2003.05.20"]
[Round "4.3"]
[White "Kuba, Guenter"]
[Black "Sedina, Elena"]
[Result "1/2-1/2"]
[WhiteElo "2307"]
[BlackElo "2434"]
[Annotator "ITA-AUT"]
[PlyCount "83"]
[EventDate "2003.05.17"]

1.e4 e6 2.d4 d5 3.Nd2 c5 4.exd5 exd5 5.Ngf3 Nc6 6.Bb5 Bd6 7.dxc5 Bxc5 8.
O-O Ne7 9.Nb3 Bd6 10.Bg5 O-O 11.Bh4 Bg4 12.Bg3 Bxg3 13.hxg3 Qb6 14.Be2 a5 
15.a4 Rad8 16.Qd2 Nf5 17.Qf4 Bxf3 18.Bxf3 Nfd4 19.Nxd4 Nxd4 20.c3 Ne6 21.
Qe3 d4 22.cxd4 Nxd4 23.Rfd1 Rfe8 24.Qc3 g6 25.Rd3 Rd6 26.Re1 Rxe1+ 27.Qxe1
Re6 28.Qc3 Ne2+ 29.Bxe2 Rxe2 30.Qc8+ Kg7 31.Qc3+ Kg8 32.Qc8+ Kg7 33.Qc3+ 
Qf6 34.Qxf6+ Kxf6 35.Rb3 Re1+ 36.Kh2 Re4 37.Rb6+ Kg7 38.Rxb7 Rxa4 39.b3 
Ra3 40.f3 h5 41.Rb6 Ra1 42.Ra6 1/2-1/2